|
|
|
|
| LEADER |
01464nam a2200349 a 4500 |
| 001 |
37981 |
| 003 |
BD-DhAAL |
| 005 |
20220306161829.0 |
| 008 |
220306t19921997ii b 001 0 eng |
| 999 |
|
|
|c 43671
|d 43671
|
| 010 |
|
|
|a 94119772
|
| 020 |
|
|
|a 0195630882 :
|c Rs190.00
|
| 040 |
|
|
|a DLC
|c DLC
|d DLC
|b BD-DhAAL
|
| 043 |
|
|
|a a-ii---
|
| 050 |
0 |
0 |
|a HN690.Z9
|b C68238 1992
|
| 082 |
0 |
0 |
|a 305.5120954
|2 20
|
| 245 |
0 |
0 |
|a Social stratification /
|c edited by Dipankar Gupta.
|
| 250 |
|
|
|a Second and enlarged edition
|
| 260 |
|
|
|a Delhi ;
|a New York :
|b Oxford University Press,
|c 1992. [Forth impression 1997]
|
| 300 |
|
|
|a xvii, 518 pages ;
|c 22 cm.
|
| 440 |
|
0 |
|a Oxford in India readings in sociology and social anthropology
|9 46445
|
| 504 |
|
|
|a Includes bibliographical references (p. [493]-510) and index.
|
| 541 |
|
|
|a Donated by Akbar Ali Khan
|e 37981
|
| 650 |
|
0 |
|a Social classes
|z India.
|9 46446
|
| 650 |
|
0 |
|a Caste
|z India.
|9 46447
|
| 650 |
|
0 |
|a Social conflict
|z India.
|9 46448
|
| 650 |
|
0 |
|a Social stratification
|z India.
|9 46449
|
| 700 |
1 |
|
|a Gupta, Dipankar,
|d 1949-
|9 46450
|
| 830 |
|
|
|a Oxford in India readings in sociology and social anthropology
|9 46445
|
| 856 |
4 |
2 |
|3 Publisher description
|u http://www.loc.gov/catdir/enhancements/fy0605/94119772-d.html
|
| 942 |
|
|
|2 ddc
|c BK
|
| 952 |
|
|
|0 0
|1 0
|2 ddc
|4 0
|6 305_512095400000000_SOC
|7 1
|9 70003
|a BRACUL
|b BRACUL
|c AAKC
|d 2022-03-06
|e Donated by Akbar Ali Khan
|l 0
|o 305.5120954 SOC
|p 3010037981
|r 2022-03-06
|w 2022-03-06
|y BK
|